Hamburger SV Squad 2017-2018 - Statistics

General Stats
  • This quiz has been taken 25 times
  • The average score is 17 of 31
Answer Stats
# Position Nation Player % Correct
43 FW Japan Tatsuya Ito
86%
- Coach Germany Christian Titz
81%
6 DF Brazil Douglas Santos
81%
24 DF Japan Gōtoku Sakai
81%
9 DF Greece Kyriakos Papadopoulos
81%
18 FW Gambia Bakery Jatta
76%
7 FW United States Bobby Wood
76%
8 MF Germany Lewis Holtby
76%
20 MF Sweden Albin Ekdal
71%
17 FW Serbia Filip Kostić
71%
4 DF Netherlands Rick van Drongelen
71%
13 GK Germany Julian Pollersbeck
67%
12 MF Brazil Walace
67%
1 GK Germany Christian Mathenia
62%
5 DF Albania Mërgim Mavraj
62%
14 MF Germany Aaron Hunt
57%
40 FW Germany Jann-Fiete Arp
57%
27 FW Germany Nicolai Müller
57%
2 DF Germany Dennis Diekmeier
52%
36 GK Germany Tom Mickel
52%
- Coach Germany Bernd Hollerbach
48%
- Coach Germany Markus Gisdol
43%
11 FW Germany André Hahn
38%
23 MF Bosnia and Herzegovina Sejad Salihović
38%
19 FW Germany Sven Schipplock
33%
28 MF Germany Gideon Jung
24%
15 FW Germany Luca Waldschmidt
24%
30 GK Switzerland Andreas Hirzel
19%
16 MF Switzerland Vasilije Janjičić
19%
22 DF Germany Bjarne Thoelke
0%
25 FW Germany Mats Köhlert
0%
No matching quizzes found
Score Distribution
Percent of People with Each Score
Percentile by Number Answered
Your Score History
You have not taken this quiz